000 00775nam a2200229 i 4500
001 101313
003 ES-MaACL
005 20230906182853.0
007 t|
008 051017s1971 sp ||||1| cat d
080 _a7.025.6(460.23)"1936/39"
100 1 _aJoseph i Mayol, Miquel.
_966986
245 1 3 _aEl salvament del patrimonic artistic català durant la guerra civil /
_cMiquel Joseph i Mayol.
250 _a[1ª ed.].
260 _aBarcelona :
_bPáortic,
_c1971.
300 _a163 p. ;
_c18 cm.
490 1 _aCol·lecció Llibre de butxaca ;
_v36
650 4 _aPatrimonio cultural-
_xProtección-
_zCataluña-
_y1936-1939.
_9153510
830 0 _aCol·lecció Llibre de butxaca ;
_v36
_9231056
852 _aES-MaACL
_jC-48663
_bR.77377
999 _c101313
_d101313